[Event "Kesarovski Georgiev Memorial-B 12th"]
[Site "Sunny Beach"]
[Date "2013.08.31"]
[Round "1"]
[White "Yordanova, Svetla"]
[Black "Hansi, Otmar"]
[Result "1-0"]
[WhiteElo "2048"]
[BlackElo "1542"]
[PlyCount "55"]
[EventDate "2013.08.31"]
[EventType "swiss"]
[EventRounds "9"]
[EventCountry "BUL"]
[SourceTitle "CBM 156 Extra"]
[Source "ChessBase"]
[SourceDate "2013.10.22"]
[SourceVersion "1"]
[SourceVersionDate "2013.10.22"]
[SourceQuality "1"]

1. e4 e5 2. Nf3 Nc6 3. c3 d5 4. Qa4 f6 5. Bb5 Nge7 6. 0-0 Bd7 7. exd5 Nxd5 8. d4 a6 9. Bxc6 Bxc6 10. Qd1 e4 11. Re1 f5 12. Ne5 Qf6 13. f3 Qh4 14. fxe4 fxe4 15. g3 Qh3 16. Nxc6 bxc6 17. Rxe4+ Kd7 18. Bf4 Nf6 19. Re2 Bd6 20. Bxd6 cxd6 21. Nd2 d5 22. Nf3 Ne4 23. Ne5+ Kc7 24. Qa4 Qe6 25. Rf1 Nf6 26. Qa5+ Kb7 27. Nc4 Qxe2 28. Nd6+ 1-0

[Event "Senica op 4th"]
[Site "Senica"]
[Date "2012.08.05"]
[Round "5"]
[White "Celustka, Lukas"]
[Black "Hansi, Otmar"]
[Result "0-1"]
[WhiteElo "1189"]
[BlackElo "1553"]
[PlyCount "34"]
[EventDate "2012.08.03"]
[EventType "swiss"]
[EventRounds "9"]
[EventCountry "SVK"]
[SourceTitle "EXT 2014"]
[Source "ChessBase"]
[SourceDate "2013.11.20"]
[SourceVersion "1"]
[SourceVersionDate "2013.11.20"]
[SourceQuality "1"]

1. e4 e5 2. Nf3 Nc6 3. Bc4 h6 4. c3 Nf6 5. d3 d5 6. exd5 Nxd5 7. Qb3 Na5 8. Qc2 Nxc4 9. dxc4 Nf4 10. 0-0 Ng6 11. Rd1 Qf6 12. Be3 Bg4 13. Qa4+ c6 14. Nbd2 Nh4 15. Ne4 Nxf3+ 16. gxf3 Qxf3 17. Kf1 Qh1# 0-1

[Event "Bratislava Doprastav op"]
[Site "Bratislava"]
[Date "2010.07.08"]
[Round "9"]
[White "Hrivnak, Dusan"]
[Black "Hansi, Otmar"]
[Result "1-0"]
[WhiteElo "1785"]
[BlackElo "1660"]
[PlyCount "79"]
[EventDate "2010.07.02"]
[EventType "swiss"]
[EventRounds "9"]
[EventCountry "SVK"]
[SourceTitle "EXT 2012"]
[Source "ChessBase"]
[SourceDate "2011.11.24"]
[SourceVersion "1"]
[SourceVersionDate "2011.11.24"]
[SourceQuality "1"]

1. e4 c5 2. Nf3 d6 3. Bc4 e6 4. c3 Bd7 5. 0-0 g6 6. d4 Be7 7. d5 e5 8. h3 g5 9. Nxe5 dxe5 10. d6 Bf6 11. Qh5 Nh6 12. Qxh6 Be6 13. Bxe6 fxe6 14. Qh5+ Kf8 15. Rd1 Kg7 16. Be3 Nd7 17. Nd2 h6 18. Nf3 Rc8 19. Nh2 Rc6 20. Ng4 b6 21. Rd2 Qb8 22. Rad1 Bd8 23. g3 b5 24. f4 exf4 25. gxf4 Ra6 26. f5 exf5 27. exf5 Nf8 28. f6+ Bxf6 29. Nxf6 Nh7 30. Nxh7 Rxh7 31. Bxc5 Qd8 32. Qe2 Qd7 33. Qe7+ Qxe7 34. dxe7 Re6 35. Rd8 Rh8 36. Rxh8 Kxh8 37. Rf1 Kg7 38. Rf8 Re1+ 39. Kf2 Rxe7 40. Bxe7 1-0